Welcome to the Holygrace Academy Library

Please use search bar below to get started

X-MEN (Record no. 3168)

MARC details
000 -LEADER
fixed length control field 00361nam a22001577a 4500
020 ## - INTERNATIONAL STANDARD BOOK NUMBER
ISBN 0-00-675068-0
082 ## - DEWEY DECIMAL CLASSIFICATION NUMBER
Classification number 823
Item number KOR/X
100 ## - MAIN ENTRY--AUTHOR NAME
Personal name KORMAN, JUSTINE
245 ## - TITLE STATEMENT
Title X-MEN
Remainder of title THE XAVIER FILES
246 ## - VARYING FORM OF TITLE
Title proper/short title X-MEN
Remainder of title THE XAVIER FILES
260 ## - PUBLICATION, DISTRIBUTION, ETC. (IMPRINT)
Place of publication USA
Name of publisher RANDOM HOUSE,INC
Year of publication 1994
300 ## - PHYSICAL DESCRIPTION
Number of Pages 105
520 ## - SUMMARY, ETC.
Summary, etc SHORT STORY
650 ## - SUBJECT ADDED ENTRY--TOPICAL TERM
Topical Term SHORT STORY
942 ## - ADDED ENTRY ELEMENTS (KOHA)
Koha item type Books
Holdings
Withdrawn status Lost status Collection code Home library Current library Shelving location Date acquired Source of acquisition Full call number Accession Number Koha item type
    Fiction Main Library Main Library SHELF 4-G FAIRY TALES,COMICS 29/01/2019 Purchase 823 KOR/X 10758 Books